Improve your communication skills / (Record no. 446)
[ view plain ]
| 000 -LEADER | |
|---|---|
| fixed length control field | 00733cam a22002292 4500 |
| 001 - CONTROL NUMBER | |
| control field | 0000002572 |
| 005 - DATE AND TIME OF LATEST TRANSACTION | |
| control field | 20151021151058.0 |
| 008 - FIXED-LENGTH DATA ELEMENTS--GENERAL INFORMATION | |
| fixed length control field | 070416s xx 000 0 eng d |
| 020 ## - INTERNATIONAL STANDARD BOOK NUMBER | |
| International Standard Book Number | 0749432624 : |
| Terms of availability | KES 800 |
| 040 ## - CATALOGING SOURCE | |
| Original cataloging agency | KABU |
| Transcribing agency | KABU |
| 050 #0 - LIBRARY OF CONGRESS CALL NUMBER | |
| Classification number | P91.3 |
| Item number | .B36 2000 |
| 100 1# - MAIN ENTRY--PERSONAL NAME | |
| Personal name | Barker, Alan. |
| -- | 0000064269 |
| 245 10 - TITLE STATEMENT | |
| Title | Improve your communication skills / |
| Statement of responsibility, etc. | Alan Barker. |
| 260 ## - PUBLICATION, DISTRIBUTION, ETC. (IMPRINT) | |
| Place of publication, distribution, etc. | London : |
| Name of publisher, distributor, etc. | Kogan Page Ltd, |
| Date of publication, distribution, etc. | 2000. |
| 300 ## - PHYSICAL DESCRIPTION | |
| Extent | 147 p. |
| 650 #0 - SUBJECT ADDED ENTRY--TOPICAL TERM | |
| Topical term or geographic name as entry element | Communication. |
| -- | 0000151592 |
| 908 ## - PUT COMMAND PARAMETER (RLIN) | |
| Put command parameter | 070416 |
| 950 ## - LOCAL HOLDINGS (RLIN) | |
| -- | 1 |
| Withdrawn status | Lost status | Source of classification or shelving scheme | Not for loan | Home library | Current library | Date acquired | Total Checkouts | Full call number | Barcode | Date last seen | Date last checked out | Price effective from | Koha item type | Total Renewals |
|---|---|---|---|---|---|---|---|---|---|---|---|---|---|---|
| Library of Congress Classification | Kabarak, Nakuru City Campus | Kabarak, Main Campus | 21/10/2015 | 3 | P91.3 .B36 2000 c. 1 | 003106 | 28/11/2025 | 18/06/2024 | 21/10/2015 | General Collection | ||||
| Library of Congress Classification | Kabarak, Main Campus | Kabarak, Main Campus | 17/12/2015 | 6 | P91.3 .B36 2000 | 010570 | 18/12/2019 | 02/12/2019 | 17/12/2015 | General Collection | ||||
| Library of Congress Classification | Kabarak, Main Campus | Kabarak, Main Campus | 17/12/2015 | 2 | P91.3 .B36 2000 | 007878 | 27/02/2020 | 10/02/2020 | 17/12/2015 | General Collection | ||||
| Library of Congress Classification | Kabarak, Main Campus | Kabarak, Main Campus | 17/12/2015 | 4 | P91.3 .B36 2000 | 007879 | 22/07/2021 | 22/07/2021 | 17/12/2015 | General Collection | 1 | |||
| Library of Congress Classification | Kabarak, Main Campus | Kabarak, Main Campus | 17/12/2015 | 6 | P91.3 .B36 2000 | 010629 | 20/07/2018 | 07/07/2018 | 17/12/2015 | General Collection | ||||
| Library of Congress Classification | Kabarak, Main Campus | Kabarak, Main Campus | 17/12/2015 | 4 | P91.3 .B36 2000 | 007880 | 03/12/2021 | 18/11/2021 | 17/12/2015 | General Collection | 1 | |||
| Library of Congress Classification | Kabarak, Main Campus | Kabarak, Main Campus | 17/12/2015 | 6 | P91.3 .B36 2000 | 009652 | 18/12/2019 | 02/12/2019 | 17/12/2015 | General Collection | ||||
| Library of Congress Classification | Kabarak, Main Campus | Kabarak, Main Campus | 17/12/2015 | 1 | P91.3 .B36 2000 | 009694 | 18/04/2017 | 07/04/2017 | 17/12/2015 | General Collection | ||||
| Library of Congress Classification | Kabarak, Nakuru City Campus | Kabarak, Nakuru City Campus | 21/10/2015 | 2 | P91.3 .B36 2000 c. 2 | 16125 | 29/11/2016 | 18/11/2016 | 21/10/2015 | General Collection | ||||
| Library of Congress Classification | Kabarak, Nakuru City Campus | Kabarak, Nakuru City Campus | 21/10/2015 | 2 | P91.3 .B36 2000 c. 3 | 003107 | 25/09/2021 | 25/09/2021 | 21/10/2015 | General Collection |